| 000 | 00465nam a2200181Ia 4500 | ||
|---|---|---|---|
| 008 | 230524s9999 xx 000 0 und d | ||
| 020 | _a9788189897071 | ||
| 082 |
_a381.142 _bRAJ |
||
| 100 | _aAjay Kumar Sahoo | ||
| 245 | 0 | _aEngineering Mechanics Statics and Dynamics | |
| 250 | _a7TH | ||
| 260 |
_aNEW DELHI _bIndia Tech _c2008 |
||
| 300 | _aXI;543 | ||
| 500 | _aQuantity Number: 100 | ||
| 650 | _aMechanics | ||
| 700 | _a Pradeep Kumar Jena | ||
| 942 | _cBK | ||
| 999 |
_c41983 _d41983 |
||